Statistiques concernant Culture Générale - Série 570

Cliquez ici pour prendre le quiz!

Statistiques générales

  • Ce quiz a été pris 189 fois
  • Le résultat moyen est 6 sur 10

Statistiques - réponses

QuestionRéponse% Correct
D'après le titre du roman d'Alexandre Dumas père, de quelle couleur est "La Tulipe" ?noire
81%
Quel mot d'origine arabe désigne une famille nombreuse ?smala
81%
Quel groupe a chanté "Troisième Sexe" en 1985 ?Indochine
73%
Quel peintre se cache derrière l'anagramme de "Pascal Obispo" ?Pablo Picasso
69%
En quelle année la tour Eiffel a-t-elle été inaugurée ?1889
64%
Quel héros de bande dessinée a Madame Biglon pour institutrice ?Titeuf
62%
Selon les paroles de sa chanson "Si j'étais un homme", que serait Diane Tell sur un bateau vert et blanc ?capitaine
58%
Quel nom désigne les trous des chaussures par lesquels on passe les lacets ?Oeillets
56%
Quel monument de la ville de Bergues, visible dans "Bienvenue chez les Ch'tis", est classé au patrimoine mondial de l'humanité par l'Unesco ?beffroi
54%
Selon le générique d'une série télévisée, qui doit "convaincre un monde incrédule que le cauchemar a déjà commencé" ?David Vincent
16%

Distribution des résultats

Percentile par nombre de réponses

% des personnes avec chaque résultat

Votre développement - résultats

Vous n’avez pas pris ce quiz